Донесение консула в Мукдене о развитии внешней торголи в южной Маньчжурии

RUSMARC
00004711cbc2a2200000#x 450
00102008EB959
00520250702134442.0
100##$a20130917l19151915k y0rusy0189 ca
1010#$arus
102##$aRU
251##$cДело
2250#$aФонд Министерство торговли и промышленности
$hОпись № 11
$i1895-1919 гг.
324##$aПленка
801#0$aRU
$bРГИА
$c20130917
801#1$aRU
$bГлавНИВЦ
$c20130917
$2rusmarc
801#2$aRU
$bПБ им. Б.Н. Ельцина
$c20130917
$gRCR
$2rusmarc
850##$aФедеральное казенное учреждение "Российский государственный исторический архив"
852##$aРГИА
$j206
937##$aASBIBLIO_SCAN
$bРГИА_23:_11:_206:
$d136401
$hРГИА
2001#$aДонесение консула в Мукдене о развитии внешней торголи в южной Маньчжурии
$j1915
215##$a28 листов
035##$a02008EB959
1220#$ad1915######
300##$aМашинописный текст, с рукописными пометами
461#0$1001bb6a3f53-27b5-4601-8471-ec0c20bcc716
$12001
$aМинистерство торговли и промышленности
$1251
$cФонд
$1852
$j23
462#0$1001adbe5b81-d35f-4520-aed2-20c230621077
$12001
$a1901-1918 гг.
$vД. 206
$1251
$cОпись
$1852
$j11
607##$2nlr_sh1
$3RU\NLR\AUTH\66625486
$aМаньчжурия
$xМеждународное положение
$jДокументы и материалы
6061#$2nlr_sh
$3RU\NLR\AUTH\6601697253
$aТорговля
$yМаньчжурия
$zнач. 20 в.
$jДокументы и материалы
6061#$aВнешняя политика
$yМаньчжурия
$2nlr_sh1
$3RU\NLR\AUTH\66718311
$jДокументы и материалы
605##$2acquisition_Prlib
$3LIBNET\UAF\0000067797
$aРоссия – Китай: из истории взаимоотношений
$lколлекция
686##$2rubbk
$a63.3(5Кит2)6-64ю11
$vLBC/M
Формат отображения